<?xml version="1.0" encoding="UTF-8"?>
<record
    xmlns:xsi="http://www.w3.org/2001/XMLSchema-instance"
    xsi:schemaLocation="http://www.loc.gov/MARC21/slim http://www.loc.gov/standards/marcxml/schema/MARC21slim.xsd"
    xmlns="http://www.loc.gov/MARC21/slim">

  <leader>02119nam a2200265Ia 4500</leader>
  <controlfield tag="003">OSt</controlfield>
  <controlfield tag="005">20210202083652.0</controlfield>
  <controlfield tag="008">141031s2012    sp     g      000 f spa  </controlfield>
  <datafield tag="020" ind1=" " ind2=" ">
    <subfield code="a">9788417623197</subfield>
  </datafield>
  <datafield tag="040" ind1=" " ind2=" ">
    <subfield code="a">CO-BoRNBP</subfield>
    <subfield code="b">spa</subfield>
    <subfield code="e">rda</subfield>
    <subfield code="c">CO-BoRNBP</subfield>
  </datafield>
  <datafield tag="082" ind1=" " ind2=" ">
    <subfield code="2">AN</subfield>
    <subfield code="a">LEAT</subfield>
  </datafield>
  <datafield tag="245" ind1="1" ind2="0">
    <subfield code="a">Historia de Dr&#xE1;cula :</subfield>
    <subfield code="b">un ensayo sobre la obra maestra de Bram Stroker, el conde Dr&#xE1;cula y los or&#xED;genes del vampirismo/</subfield>
    <subfield code="c">Clive Leatherdale</subfield>
  </datafield>
  <datafield tag="264" ind1=" " ind2=" ">
    <subfield code="a">Barcelona,</subfield>
    <subfield code="b">Arpa,</subfield>
    <subfield code="c">2019.</subfield>
  </datafield>
  <datafield tag="300" ind1=" " ind2=" ">
    <subfield code="a">342 p&#xE1;ginas</subfield>
    <subfield code="c">21 cm.</subfield>
  </datafield>
  <datafield tag="336" ind1=" " ind2=" ">
    <subfield code="a">texto</subfield>
    <subfield code="b">txt</subfield>
    <subfield code="2">rdacontent</subfield>
  </datafield>
  <datafield tag="337" ind1=" " ind2=" ">
    <subfield code="a">sin mediaci&#xF3;n</subfield>
    <subfield code="b">n</subfield>
    <subfield code="2">rdamedia</subfield>
  </datafield>
  <datafield tag="338" ind1=" " ind2=" ">
    <subfield code="a">volumen</subfield>
    <subfield code="b">nc</subfield>
    <subfield code="2">rdacarrier</subfield>
  </datafield>
  <datafield tag="500" ind1=" " ind2=" ">
    <subfield code="a">La imponente figura del conde Dr&#xE1;cula, su guarida en Transilvania y su poder maligno y sobrenaturalimpregnan nuestro imaginario colectivo desde la publicaci&#xF3;n de la obra maestra de Bram Stokeren 1897. Sin embargo, la cr&#xED;tica nunca ha prestado demasiada atenci&#xF3;n ni a los vampiros, ni al condeDr&#xE1;cula, ni a su autor. Clive Leatherdale, movido por una gran pasi&#xF3;npor la novela, se propuso colmar este vac&#xED;o en un libro que explora los or&#xED;genes del vampirismo y supeso en la cultura occidental y propone estimulantes interpretaciones de la novela g&#xF3;tica por excelencia.Seg&#xFA;n el autor, Dr&#xE1;cula puede leerse como una defensa de la imaginaci&#xF3;n sexual y del psicoan&#xE1;lisis, comoun homenaje al ocultismo, como un retrato metaf&#xF3;rico de las tensiones sociales y pol&#xED;ticas en la Gran Breta&#xF1;avictoriana... Historia de Dr&#xE1;cula, ya considerado un cl&#xE1;sico enel mundo anglosaj&#xF3;n, es una compa&#xF1;&#xED;a imprescindible para todo apasionado del vampiro m&#xE1;s c&#xE9;lebre de lahistoria. &#xAB;Este libro deber&#xED;a encontrarse en las estaner&#xED;as detodos los estudiantes de literatura y cultura popular&#xBB;. British Book News&#xAB;El absorbente drama de Dr&#xE1;cula se vuelve incluso m&#xE1;s hipn&#xF3;tico bajo la visi&#xF3;n de Leatherdale&#xBB;. Gothic</subfield>
  </datafield>
  <datafield tag="650" ind1="1" ind2="4">
    <subfield code="2">LEMB</subfield>
    <subfield code="a">Novela inglesa</subfield>
    <subfield code="y">Siglo XIX</subfield>
    <subfield code="9">7701</subfield>
  </datafield>
  <datafield tag="650" ind1="1" ind2="4">
    <subfield code="2">LEMB</subfield>
    <subfield code="a">Literatura inglesa</subfield>
    <subfield code="y">Siglo XIX</subfield>
    <subfield code="9">7702</subfield>
  </datafield>
  <datafield tag="650" ind1="1" ind2="4">
    <subfield code="2">LEMB</subfield>
    <subfield code="a">Vampiros</subfield>
    <subfield code="v">Novela </subfield>
    <subfield code="9">102243</subfield>
  </datafield>
  <datafield tag="650" ind1="1" ind2="4">
    <subfield code="2">LEMB</subfield>
    <subfield code="a">Asesinatos</subfield>
    <subfield code="v">Novela</subfield>
    <subfield code="9">4035</subfield>
  </datafield>
  <datafield tag="650" ind1="1" ind2="4">
    <subfield code="2">LEMB</subfield>
    <subfield code="a">Terror</subfield>
    <subfield code="v">Novela</subfield>
    <subfield code="9">102244</subfield>
  </datafield>
  <datafield tag="942" ind1=" " ind2=" ">
    <subfield code="c">BKLIT</subfield>
  </datafield>
  <datafield tag="999" ind1=" " ind2=" ">
    <subfield code="c">12944</subfield>
    <subfield code="d">12944</subfield>
  </datafield>
  <datafield tag="952" ind1=" " ind2=" ">
    <subfield code="0">0</subfield>
    <subfield code="1">0</subfield>
    <subfield code="2">ddc</subfield>
    <subfield code="4">0</subfield>
    <subfield code="7">0</subfield>
    <subfield code="8">LA</subfield>
    <subfield code="a">BPMOS</subfield>
    <subfield code="b">BPMOS</subfield>
    <subfield code="d">2021-02-02</subfield>
    <subfield code="e">Compra</subfield>
    <subfield code="i">nt</subfield>
    <subfield code="l">1</subfield>
    <subfield code="o">AN LEAT</subfield>
    <subfield code="p">MOS500679</subfield>
    <subfield code="r">2025-11-13</subfield>
    <subfield code="s">2025-11-10</subfield>
    <subfield code="t">ej 1</subfield>
    <subfield code="w">2021-02-02</subfield>
    <subfield code="y">BKLIT</subfield>
    <subfield code="z">Quince dias</subfield>
  </datafield>
</record>
